Smallest Landlocked Countries A-Z - Statistics

General Stats
  • This quiz has been taken 2,902 times
    2,680 since last reset
  • The average score is 12 of 16
Answer Stats
Country % Correct
V Vatican City
92%
A Andorra
91%
L Liechtenstein
88%
Z Zimbabwe
86%
S San Marino
82%
R Rwanda
81%
H Hungary
80%
U Uganda
77%
B Burundi
74%
K Kosovo
74%
E Eswatini
72%
P Paraguay
68%
T Tajikistan
62%
C Czech Republic
59%
M Moldova
57%
N North Macedonia
57%
No matching quizzes found
Score Distribution
Percent of People with Each Score
Percentile by Number Answered
Your Score History
You have not taken this quiz since the last reset